000 00438cam a2200181ua 4500
020 _c0.50
041 _amal
_h
082 _a894.812 301
_bKES/OR
100 _aKesava Dev, P .
245 _aOru Rathri /
_cP Kesava Dev.
_hTextual Documents
250 _a1 /
_b.
260 _a :
_bSahitya Pravarthaka Co-operative Society ,
_c1966.
300 _a25 ; .
365 _a0.50
504 _a
942 _cBK
999 _c3876
_d3876